1317 1336 1572 1720 1120 1121 1612 1521 1079 1881 1179 1265 1303 1291 1597 1545 1376 1701 1416 1131 1098 1657 1440 1419 1686 1927 1291 1684 1134 1562 1479 1645 1989 1802 1767 1942 1185 1576 1777 1145 1295 1327 1262 1181 1985 1129 1850 1318 1120 1243 1053 1753 1783 1864 1324 1020 1079 1206 1358 1740 1131 1806 1643 1819 1244 1652 1246 1536 1734 1588 1407 1679 1957 1830 1273 1657 1438 1384 1586 1845 1265 1127 1902 1541 1061 1694 1738 1956 1257 1008 1354 1934 1127 1873 1522 1544 1214 1300 1334 BCNSPRNW ULIB Ver.6.0+V

เปลี่ยนเป็นภาษาไทย

Change to English
 แสดงรายละเอียดบรรณานุกรม
  กลับหน้าหลัก

Brief Record : Get Marc (ISO 2709) : E-mail record : QR code < ปิดหน้าต่าง
LEADER : 00000nam 2200000uu 4500
001    13399111450
003     ULIB
008    110627s||||||||th 000 0 tha d
020    9786165001304
090    นว.^bร147ค 2554
100 0  ร่มแก้ว
245 00 คุณชายปวรรุจ/^cร่มแก้ว
250    พิมพ์ครั้งที่ 4
260    กรุงเทพฯ :^bพิมพ์คำ,^c2554
300    328 หน้า
490 0  นวนิยายชุด สุภาพบุรุษจุฑาเทพ
945    ^p220^l0^i030169
995    ทศพร
999 ^a ใช้งานได้ทุกระบบ
รายการนี้ยังไม่มีแท็ก
คุณยังไม่ได้ล็อกอิน คุณสามารถมีกิจกรรมร่วมกับเว็บไซต์ได้ แต่ต้องล็อกอินก่อน ::
  ล็อกอิน

รายการสื่อสารสนเทศ

ลำดับที่ ประเภท เลขเรียก/บาร์โค้ด สถานที่ สถานะ
1. นวนิยาย
นวนิยาย
นว. ร147ค 2554 ฉ.1 
  Barcode: 030169
ห้องสมุดวิทยาเขตสวรรค์ประชารักษ์
►นวนิยาย
บนชั้น
  ขอยืม

รายการใกล้เคียง
    ผู้แต่ง [ร่มแก้ว]

BibComment


ยังไม่เคยถูกคอมเมนท์

คอมเมนท์ทรัพยากรรายการนี้
  คอมเมนท์: คุณชายปวรรุจ ร่มแ..


 Copyright 2026. Bcnsprnw @Library